[Event "ENCI Limburg-open A"]
[Site "Maastricht"]
[Date "2008.05.12"]
[Round "7"]
[White "Koehnke, Torben"]
[Black "Lentjes, Noud"]
[Result "1-0"]
[WhiteElo "2073"]
[BlackElo "1899"]
[PlyCount "95"]
[EventDate "2008.05.09"]
[EventType "swiss"]
[EventRounds "7"]
[EventCountry "NED"]
[Source "P.Boonen"]
[SourceDate "2010.01.01"]

1. f4 e5 2. e4 d5 3. exd5 Qxd5 4. Nc3 Qd8 5. fxe5 Nc6 6. Nf3 Bg4 7. Bb5 a6 8.
Bxc6+ bxc6 9. d4 Ne7 10. O-O Nf5 11. h3 Ng3 12. hxg4 Nxf1 13. Qxf1 h5 14. g5
Qd7 15. Be3 h4 16. e6 Qxe6 17. Re1 Be7 18. Bf2 Qg4 19. Qe2 O-O 20. Qxe7 h3 21.
Nh4 f6 22. Qe6+ Qxe6 23. Rxe6 fxg5 24. Nf3 g4 25. Ne5 h2+ 26. Kxh2 Rxf2 27.
Rxc6 Rxc2 28. b4 Rb8 29. a3 a5 30. b5 Rd2 31. d5 g3+ 32. Kxg3 Re8 33. Nf3 Rd3
34. Rxc7 Ree3 35. b6 Rxc3 36. b7 Rb3 37. Rc8+ Kf7 38. b8=Q Rxb8 39. Rxb8 Rxa3
40. Kf4 Ke7 41. Rb6 Rd3 42. Ke4 Rd1 43. Ra6 Ra1 44. Ke5 a4 45. Ra7+ Kd8 46. d6
Ra2 47. Ke6 Re2+ 48. Ne5 1-0

[Event "ENCI Limburg-open A"]
[Site "Maastricht"]
[Date "2008.05.12"]
[Round "7"]
[White "Koenig, Christian"]
[Black "Seip, Rien"]
[Result "1/2-1/2"]
[WhiteElo "2174"]
[BlackElo "2026"]
[PlyCount "63"]
[EventDate "2008.05.09"]
[EventType "swiss"]
[EventRounds "7"]
[EventCountry "NED"]
[Source "P.Boonen"]
[SourceDate "2010.01.01"]

1. d4 Nf6 2. c4 g6 3. Nc3 Bg7 4. e4 d6 5. Nf3 O-O 6. h3 e5 7. dxe5 dxe5 8. Qxd8
Rxd8 9. Bg5 Re8 10. Nd5 Nxd5 11. cxd5 c6 12. Bc4 cxd5 13. Bxd5 h6 14. Be3 Nd7
15. Nd2 Nf6 16. Bb3 Be6 17. Bxe6 Rxe6 18. Rc1 Ree8 19. g4 Bf8 20. f3 h5 21. Ke2
hxg4 22. hxg4 Rec8 23. Nb3 a6 24. Rhd1 b5 25. Rxc8 Rxc8 26. Rc1 Rxc1 27. Nxc1
Nd7 28. Nd3 Be7 29. Kd2 Kf8 30. Kc3 Ke8 31. b3 Kd8 32. a4 1/2-1/2

[Event "ENCI Limburg-open A"]
[Site "Maastricht"]
[Date "2008.05.12"]
[Round "7"]
[White "Kruijf, Caspar"]
[Black "Merx, Bob"]
[Result "1-0"]
[WhiteElo "1925"]
[BlackElo "2106"]
[PlyCount "78"]
[EventDate "2008.05.09"]
[EventType "swiss"]
[EventRounds "7"]
[EventCountry "NED"]
[Source "P.Boonen"]
[SourceDate "2010.01.01"]

1. e4 e5 2. Nf3 Nc6 3. Bc4 Bc5 4. c3 Qe7 5. d4 Bb6 6. O-O d6 7. h3 Nf6 8. Re1
O-O 9. Bg5 h6 10. Bh4 Kh8 11. d5 Nb8 12. Nbd2 Rg8 13. a4 a6 14. a5 Ba7 15. Nf1
g5 16. Bg3 Nbd7 17. Qd2 Nf8 18. h4 Nh5 19. hxg5 hxg5 20. Qe2 Bg4 21. Rad1 Ng6
22. Ne3 Bxe3 23. Qxe3 Ngf4 24. Rd2 Rg7 25. Nh2 Bd7 26. Be2 Nxe2+ 27. Qxe2 Nf4
28. Qd1 g4 29. c4 Qg5 30. Qc1 Rh7 31. Rc2 Kg7 32. f3 gxf3 33. Bxf4 exf4 34.
Nxf3 Qg3 35. Rf2 Rh1+ 36. Kxh1 Qxf2 37. Rf1 Rh8+ 38. Nh2 Qg3 39. Qc3+ f6 1-0

[Event "ENCI Limburg-open A"]
[Site "Maastricht"]
[Date "2008.05.12"]
[Round "7"]
[White "Lammens, Tim"]
[Black "Noiroux, Kevin"]
[Result "1-0"]
[WhiteElo "2294"]
[BlackElo "2134"]
[PlyCount "75"]
[EventDate "2008.05.09"]
[EventType "swiss"]
[EventRounds "7"]
[EventCountry "NED"]
[Source "P.Boonen"]
[SourceDate "2010.01.01"]

1. c4 Nf6 2. Nc3 e6 3. Nf3 c5 4. g3 a6 5. Bg2 Qc7 6. O-O Be7 7. b3 d6 8. Bb2 b6
9. Rc1 Bb7 10. e3 Nbd7 11. d4 cxd4 12. exd4 O-O 13. d5 e5 14. Nh4 g6 15. f4 Nh5
16. Nf5 Ndf6 17. fxe5 dxe5 18. Nxe7+ Qxe7 19. d6 Qd7 20. Bxb7 Qxb7 21. g4 Nf4
22. Rxf4 exf4 23. Qd4 Nxg4 24. Qxf4 f5 25. Nd5 Rae8 26. Qd4 Ne5 27. Rf1 Rf7 28.
Qe3 f4 29. Rxf4 Rxf4 30. Qxf4 Nd3 31. Qf3 Re1+ 32. Kg2 Nc5 33. b4 Qf7 34. Nf6+
Kf8 35. Nxh7+ Kg8 36. Nf6+ Kf8 37. Qa8+ Kg7 38. Ng4+ 1-0

[Event "ENCI Limburg-open A"]
[Site "Maastricht"]
[Date "2008.05.12"]
[Round "7"]
[White "Larmuseau, Maarten"]
[Black "Nabuurs, Joep"]
[Result "1/2-1/2"]
[WhiteElo "2058"]
[BlackElo "2205"]
[PlyCount "136"]
[EventDate "2008.05.09"]
[EventType "swiss"]
[EventRounds "7"]
[EventCountry "NED"]
[Source "P.Boonen"]
[SourceDate "2010.01.01"]

1. e4 e5 2. Nf3 Nc6 3. Bb5 Nd4 4. Bc4 Bc5 5. c3 Nxf3+ 6. Qxf3 Qf6 7. d3 c6 8.
Be3 d6 9. Nd2 Ne7 10. Qxf6 gxf6 11. Bxc5 dxc5 12. Nf1 Be6 13. Ne3 Rd8 14. Ke2
Ng6 15. g3 h5 16. h4 Ne7 17. f4 Rg8 18. Rhg1 Bg4+ 19. Nxg4 Rxg4 20. Ke3 b5 21.
Bb3 exf4+ 22. gxf4 Rxh4 23. Rh1 Rg4 24. Bd1 Rg2 25. Rb1 c4 26. d4 f5 27. Bf3
Rc2 28. Rxh5 Kd7 29. Bd1 Rg2 30. Bf3 Rc2 31. Bd1 Rg2 32. Rg5 Rh2 33. Bf3 Rdh8
34. Bg2 fxe4 35. Kxe4 Nd5 36. Rf1 Re8+ 37. Kf3 Kd6 38. Kg3 Rxg2+ 39. Kxg2 Ne3+
40. Kf2 Nxf1 41. Kxf1 Re4 42. Rg4 Ke6 43. Kf2 Kf5 44. Kf3 Re3+ 45. Kxe3 Kxg4
46. Ke4 f5+ 47. Ke5 a6 48. a3 a5 49. Kd6 Kxf4 50. Kxc6 Ke3 51. d5 f4 52. d6 f3
53. d7 f2 54. d8=Q f1=Q 55. Qd4+ Ke2 56. Kxb5 Qf5+ 57. Kxc4 a4 58. Kb4 Qc2 59.
Qg4+ Kf2 60. Qf4+ Kg1 61. Qd4+ Kg2 62. c4 Qb3+ 63. Ka5 Kh1 64. c5 Qb7 65. Kxa4
Qa8+ 66. Kb3 Qb7+ 67. Qb4 Qf3+ 68. Qc3 Qb7+ 1/2-1/2

[Event "ENCI Limburg-open A"]
[Site "Maastricht"]
[Date "2008.05.12"]
[Round "7"]
[White "Larmuseau, Michiel"]
[Black "Severens, Lars"]
[Result "0-1"]
[WhiteElo "1952"]
[BlackElo "2169"]
[PlyCount "66"]
[EventDate "2008.05.09"]
[EventType "swiss"]
[EventRounds "7"]
[EventCountry "NED"]
[Source "P.Boonen"]
[SourceDate "2010.01.01"]

1. e4 c6 2. d4 d5 3. Nc3 dxe4 4. Nxe4 Nd7 5. Nf3 Ngf6 6. Ng3 e6 7. Bd3 Bd6 8.
Qe2 Qc7 9. Bd2 b6 10. Ng5 h6 11. N5e4 Bf4 12. Be3 O-O 13. O-O c5 14. dxc5 bxc5
15. Qf3 Bxe3 16. fxe3 Bb7 17. Qe2 Nxe4 18. Nxe4 c4 19. Ng3 cxd3 20. cxd3 Rac8
21. Nh5 Ne5 22. d4 Qc2 23. Rf2 Qxe2 24. Rxe2 Ba6 25. Ree1 Nd3 26. Re2 Rc7 27.
h3 Rfc8 28. Rd2 Rc2 29. Rad1 Nxb2 30. Rxc2 Rxc2 31. Rb1 Nd3 32. Ra1 Rc1+ 33.
Rxc1 Nxc1 0-1

[Event "ENCI Limburg-open A"]
[Site "Maastricht"]
[Date "2008.05.12"]
[Round "7"]
[White "Lemmen, Raoul"]
[Black "Dalemans, Diana"]
[Result "1/2-1/2"]
[WhiteElo "1877"]
[BlackElo "1799"]
[PlyCount "63"]
[EventDate "2008.05.09"]
[EventType "swiss"]
[EventRounds "7"]
[EventCountry "NED"]
[Source "P.Boonen"]
[SourceDate "2010.01.01"]

1. d4 Nf6 2. c4 c5 3. d5 b5 4. cxb5 a6 5. b6 Qxb6 6. Nc3 g6 7. e4 d6 8. f4 Nbd7
9. Be2 Bg7 10. Nf3 O-O 11. Nd2 Bb7 12. Nc4 Qc7 13. O-O Nb6 14. Be3 Nxc4 15.
Bxc4 Rfe8 16. f5 Nd7 17. Qd2 Ne5 18. Be2 Bc8 19. h4 h5 20. Bh6 Bd7 21. Bxh5
Bxh6 22. Qxh6 gxh5 23. Qg5+ Kf8 24. Qxh5 f6 25. Qh8+ Kf7 26. Qh7+ Kf8 27. h5
Bb5 28. Rf3 Nxf3+ 29. gxf3 Rac8 30. Qh6+ Kf7 31. Qh7+ Kf8 32. Qh8+ 1/2-1/2

[Event "ENCI Limburg-open A"]
[Site "Maastricht"]
[Date "2008.05.12"]
[Round "7"]
[White "Lenhardt, Manfred"]
[Black "Mol, Christiaan"]
[Result "1/2-1/2"]
[WhiteElo "2156"]
[BlackElo "2007"]
[PlyCount "29"]
[EventDate "2008.05.09"]
[EventType "swiss"]
[EventRounds "7"]
[EventCountry "NED"]
[Source "P.Boonen"]
[SourceDate "2010.01.01"]

1. d4 Nf6 2. Nc3 d5 3. Bg5 c6 4. e3 Bf5 5. Bd3 Bg6 6. Nf3 Nbd7 7. O-O Bh5 8. h3
h6 9. Bxf6 gxf6 10. e4 Nb6 11. exd5 Nxd5 12. Ne4 Qc7 13. Ng3 Bxf3 14. Qxf3 Qf4
15. Be4 1/2-1/2

[Event "ENCI Limburg-open A"]
[Site "Maastricht"]
[Date "2008.05.12"]
[Round "7"]
[White "Lukman, Ronny"]
[Black "Clijsen, Mark"]
[Result "1/2-1/2"]
[WhiteElo "2228"]
[BlackElo "2122"]
[PlyCount "56"]
[EventDate "2008.05.09"]
[EventType "swiss"]
[EventRounds "7"]
[EventCountry "NED"]
[Source "P.Boonen"]
[SourceDate "2010.01.01"]

1. e4 e6 2. Qe2 c5 3. Nf3 Nc6 4. g3 Be7 5. Bg2 d5 6. e5 Nh6 7. c3 Nf5 8. d3 b6
9. g4 Nh4 10. Nxh4 Bxh4 11. O-O g6 12. Bh6 Bg5 13. Bxg5 Qxg5 14. f4 Qe7 15. Nd2
h5 16. Nc4 hxg4 17. Nd6+ Kf8 18. Qxg4 Qh4 19. Qg3 Bd7 20. a3 Rb8 21. b4 Ne7 22.
Rab1 Qxg3 23. hxg3 Kg7 24. Rb2 Nf5 25. Nxf5+ gxf5 26. bxc5 bxc5 27. Rfb1 Rxb2
28. Rxb2 Bc8 1/2-1/2

[Event "ENCI Limburg-open A"]
[Site "Maastricht"]
[Date "2008.05.12"]
[Round "7"]
[White "Luther, Thomas"]
[Black "Jones, Gawain C"]
[Result "0-1"]
[WhiteElo "2539"]
[BlackElo "2522"]
[PlyCount "120"]
[EventDate "2008.05.09"]
[EventType "swiss"]
[EventRounds "7"]
[EventCountry "NED"]
[Source "P.Boonen"]
[SourceDate "2010.01.01"]

1. e4 e5 2. Nf3 Nc6 3. Bb5 a6 4. Ba4 Nf6 5. O-O Be7 6. Bb3 b5 7. Re1 d6 8. c3
O-O 9. h3 Na5 10. Bc2 d5 11. d4 dxe4 12. Nxe5 c5 13. Bg5 Bb7 14. a4 Re8 15.
axb5 axb5 16. Nd2 cxd4 17. cxd4 Qxd4 18. Nxe4 Qxd1 19. Rexd1 Rac8 20. Bxf6 gxf6
21. Ng4 Kg7 22. Rxa5 Rxc2 23. Ng3 Rxb2 24. Ra7 Bc8 25. Nh5+ Kg6 26. Nf4+ Kg5
27. Nd5 Bxg4 28. hxg4 Bc5 29. Rxf7 Rxf2 30. Kh1 Rfe2 31. Rg7+ Kh6 32. Rb7 Bd6
33. Ne3 Bb8 34. Nf5+ Kg5 35. Rg7+ Kf4 36. Rf1+ Ke4 37. Rb7 Rb2 38. Rd7 Be5 39.
g3 Rg8 40. Rdd1 Re2 41. Nd6+ Bxd6 42. Rxd6 Rxg4 43. Rfxf6 b4 44. Rd7 Rb2 45.
Re6+ Kf5 46. Re1 Re4 47. Rf1+ Kg6 48. Rb7 Re5 49. Rd1 h5 50. Kg1 Re3 51. Kf1
Rf3+ 52. Ke1 Re3+ 53. Kf1 Rf3+ 54. Ke1 Rxg3 55. Rb6+ Kg5 56. Rb5+ Kh4 57. Kf1
Rf3+ 58. Kg1 Kg4 59. Rd4+ Rf4 60. Rdd5 h4 0-1

[Event "ENCI Limburg-open A"]
[Site "Maastricht"]
[Date "2008.05.12"]
[Round "7"]
[White "Maassen van den Brink, Koen"]
[Black "Ringoir, Guy"]
[Result "1/2-1/2"]
[WhiteElo "1818"]
[BlackElo "1941"]
[PlyCount "48"]
[EventDate "2008.05.09"]
[EventType "swiss"]
[EventRounds "7"]
[EventCountry "NED"]
[Source "P.Boonen"]
[SourceDate "2010.01.01"]

1. e4 c5 2. Nc3 Nc6 3. g3 g6 4. Bg2 Bg7 5. d3 d6 6. Nge2 e5 7. O-O Nge7 8. Be3
O-O 9. Qd2 f5 10. f4 fxe4 11. dxe4 b6 12. Nd1 Nd4 13. c3 Nxe2+ 14. Qxe2 Be6 15.
c4 Nc6 16. f5 Bf7 17. b3 Nd4 18. Qd2 Rc8 19. Nc3 a6 20. Rf2 Qd7 21. Raf1 b5 22.
Nd5 Bxd5 23. cxd5 gxf5 24. Bxd4 exd4 1/2-1/2

[Event "ENCI Limburg-open A"]
[Site "Maastricht"]
[Date "2008.05.12"]
[Round "7"]
[White "Memarian, Milad"]
[Black "De Reymaekers, Walter"]
[Result "1-0"]
[WhiteElo "1939"]
[BlackElo "2053"]
[PlyCount "65"]
[EventDate "2008.05.09"]
[EventType "swiss"]
[EventRounds "7"]
[EventCountry "NED"]
[Source "P.Boonen"]
[SourceDate "2010.01.01"]

1. d4 Nf6 2. c4 c5 3. Nf3 cxd4 4. Nxd4 g6 5. Nc3 Nc6 6. e4 d6 7. Be2 Nxd4 8.
Qxd4 Bg7 9. Be3 O-O 10. Qd1 Bd7 11. O-O Bc6 12. f3 a5 13. Kh1 a4 14. Qd2 Nd7
15. b4 axb3 16. axb3 Qc7 17. b4 b6 18. Bd4 Nf6 19. Qe3 Nd7 20. Bxg7 Kxg7 21.
Rfc1 Kg8 22. Qd4 Rxa1 23. Rxa1 e5 24. Qd2 f5 25. exf5 Nf6 26. fxg6 e4 27. gxh7+
Kh8 28. fxe4 Qg7 29. Rf1 Kxh7 30. Qxd6 Rg8 31. Bf3 Be8 32. Nd5 Nh5 33. g4 1-0

[Event "ENCI Limburg-open A"]
[Site "Maastricht"]
[Date "2008.05.12"]
[Round "7"]
[White "Michalczak, Thomas"]
[Black "Memeti, Kastriot"]
[Result "1/2-1/2"]
[WhiteElo "2329"]
[BlackElo "2173"]
[PlyCount "58"]
[EventDate "2008.05.09"]
[EventType "swiss"]
[EventRounds "7"]
[EventCountry "NED"]
[Source "P.Boonen"]
[SourceDate "2010.01.01"]

1. e4 d5 2. exd5 Qxd5 3. Nc3 Qa5 4. d4 Nf6 5. Bc4 Bg4 6. f3 Bf5 7. g4 Bg6 8.
Qe2 Nc6 9. Bb5 O-O-O 10. Bxc6 bxc6 11. Qc4 e5 12. dxe5 Qxe5+ 13. Nge2 Qc5 14.
Qa4 h5 15. Bd2 hxg4 16. fxg4 Nd5 17. Nxd5 cxd5 18. O-O-O Be4 19. Rhe1 Bd6 20.
Nc3 Bf3 21. Qa6+ Kd7 22. Be3 Qc6 23. Qf1 Bxd1 24. Qf5+ Ke8 25. Bd4+ Kf8 26.
Bxg7+ Kxg7 27. Qg5+ Kh7 28. Qh5+ Kg7 29. Qg5+ Kh7 1/2-1/2

[Event "ENCI Limburg-open A"]
[Site "Maastricht"]
[Date "2008.05.12"]
[Round "7"]
[White "Miesen, Fabian"]
[Black "Braun, Christian1"]
[Result "0-1"]
[WhiteElo "2165"]
[BlackElo "2322"]
[PlyCount "66"]
[EventDate "2008.05.09"]
[EventType "swiss"]
[EventRounds "7"]
[EventCountry "NED"]
[Source "P.Boonen"]
[SourceDate "2010.01.01"]

1. d4 g6 2. e4 Bg7 3. f4 c6 4. c3 d5 5. e5 h5 6. Bd3 Nh6 7. Nf3 Bg4 8. O-O e6
9. b3 Qb6 10. Na3 Bf8 11. Nc2 Bf5 12. Kh1 c5 13. Be3 Nc6 14. Qd2 Rc8 15. Rfc1
Bxd3 16. Qxd3 Nf5 17. dxc5 Bxc5 18. Bxc5 Qxc5 19. Ncd4 Ncxd4 20. Nxd4 h4 21.
Nxf5 gxf5 22. h3 Rg8 23. c4 Rg3 24. Qd2 d4 25. Rc2 d3 26. Rc3 Rd8 27. Rd1 Ke7
28. b4 Qc6 29. Kh2 Rdg8 30. Rg1 Qe4 31. Qf2 Qe2 32. Qxe2 dxe2 33. Rc2 Rxg2+ 0-1

[Event "ENCI Limburg-open A"]
[Site "Maastricht"]
[Date "2008.05.12"]
[Round "7"]
[White "Monroy, Charles"]
[Black "Ringoir, Tanguy"]
[Result "1-0"]
[WhiteElo "2399"]
[BlackElo "2252"]
[PlyCount "133"]
[EventDate "2008.05.09"]
[EventType "swiss"]
[EventRounds "7"]
[EventCountry "NED"]
[Source "P.Boonen"]
[SourceDate "2010.01.01"]

1. Nf3 Nf6 2. c4 g6 3. b4 Bg7 4. Bb2 O-O 5. e3 d6 6. d3 a5 7. b5 e5 8. Qc2 c6
9. Nc3 Re8 10. Be2 d5 11. O-O b6 12. cxd5 Nxd5 13. Nxd5 Qxd5 14. Rfc1 Bb7 15.
d4 cxb5 16. dxe5 Nd7 17. e4 Qxe4 18. Bxb5 Nxe5 19. Bxe8 Nxf3+ 20. gxf3 Qxe8 21.
Bxg7 Kxg7 22. Qb2+ Kg8 23. Qf6 Qe2 24. Kg2 Bd5 25. a3 b5 26. Rd1 Qc4 27. Rd4
Qc3 28. Rad1 Re8 29. R1d3 Qa1 30. Re3 Rf8 31. h4 h5 32. Re7 b4 33. axb4 axb4
34. Rd7 Bc4 35. Rd8 Qf1+ 36. Kg3 Qg1+ 37. Kf4 Qc1+ 38. Kg3 Qg1+ 39. Kf4 Qc1+
40. Ke5 Qe1+ 41. Kd6 Qe6+ 42. Qxe6 Rxd8+ 43. Qd7 Rxd7+ 44. Kxd7 Be6+ 45. Ke7 b3
46. Kf6 Kh7 47. Rb4 Kh6 48. Rb8 Kh7 49. f4 Bc4 50. f5 gxf5 51. Kxf5 Kg7 52. Rb6
Bd3+ 53. Kf4 Bc2 54. Ke5 f6+ 55. Ke6 Kg6 56. Rb4 Bd1 57. Ke7 Kg7 58. f4 Bc2 59.
Rb5 Kg6 60. Ke6 Kg7 61. f5 Bd3 62. Rb7+ Kh6 63. Kxf6 Bc4 64. Ke7 Kg7 65. Rb4
Bg8 66. f6+ Kg6 67. Rb5 1-0

[Event "ENCI Limburg-open A"]
[Site "Maastricht"]
[Date "2008.05.12"]
[Round "7"]
[White "Nabuurs, Mart"]
[Black "Konijn, Bart"]
[Result "1/2-1/2"]
[WhiteElo "2093"]
[BlackElo "2236"]
[PlyCount "55"]
[EventDate "2008.05.09"]
[EventType "swiss"]
[EventRounds "7"]
[EventCountry "NED"]
[Source "P.Boonen"]
[SourceDate "2010.01.01"]

1. e4 e5 2. Bc4 Nf6 3. d4 exd4 4. Nf3 Nc6 5. e5 d5 6. Bb5 Ne4 7. Nxd4 Bd7 8.
Bxc6 bxc6 9. O-O Be7 10. f3 Nc5 11. f4 O-O 12. f5 Re8 13. Qg4 Ne4 14. Nd2 Bc5
15. N2b3 Rxe5 16. Nxc5 Nxc5 17. Bh6 Qf8 18. Qg3 f6 19. Bf4 Ne4 20. Qh4 Qc5 21.
c3 Rxf5 22. Kh1 g5 23. Qh3 gxf4 24. Nxf5 Bxf5 25. Qxf5 Nf2+ 26. Rxf2 Qxf2 27.
Qxf6 Re8 28. h3 1/2-1/2

[Event "ENCI Limburg-open A"]
[Site "Maastricht"]
[Date "2008.05.12"]
[Round "7"]
[White "Nijs, Nils"]
[Black "Van Kerkhof, David"]
[Result "0-1"]
[WhiteElo "2101"]
[BlackElo "2226"]
[PlyCount "116"]
[EventDate "2008.05.09"]
[EventType "swiss"]
[EventRounds "7"]
[EventCountry "NED"]
[Source "P.Boonen"]
[SourceDate "2010.01.01"]

1. d4 Nf6 2. c4 c5 3. d5 b5 4. f3 bxc4 5. e4 d6 6. Ne2 Nbd7 7. Nec3 Nb6 8. Na3
Ba6 9. Nxc4 Bxc4 10. Bxc4 Nxc4 11. Qa4+ Nd7 12. Qxc4 g6 13. O-O Bg7 14. f4 Rb8
15. Qe2 O-O 16. Be3 Qa5 17. Nd1 Qa4 18. Bf2 Rb4 19. Re1 Rfb8 20. a3 Rc4 21. Rb1
Qb3 22. Qe3 Qa2 23. Qd3 Qb3 24. Qxb3 Rxb3 25. Re2 Kf8 26. Bh4 Bd4+ 27. Bf2 Nf6
28. Bxd4 cxd4 29. Nf2 d3 30. Rd2 Nxe4 31. Rxd3 Rxd3 32. Nxd3 Rd4 33. Nb4 a5 34.
Nc6 Rxd5 35. b4 axb4 36. axb4 Ke8 37. Na5 Rb5 38. Nc4 Nc3 39. Na3 Nxb1 40. Nxb5
Kd7 41. Nd4 Nc3 42. g3 Nd5 43. b5 e5 44. fxe5 dxe5 45. Nf3 f6 46. Nd2 Nc3 47.
b6 Kc6 48. Nc4 Nd5 49. b7 Kxb7 50. Nd6+ Kc6 51. Ne4 Kb5 52. Kf2 Kc4 53. Kf3 Kd4
54. h4 f5 55. Ng5 Kd3 56. Kf2 e4 57. Nxh7 e3+ 58. Ke1 Nb4 0-1

[Event "ENCI Limburg-open A"]
[Site "Maastricht"]
[Date "2008.05.12"]
[Round "7"]
[White "Pijpers, Arthur"]
[Black "Floor, Dirk"]
[Result "1-0"]
[WhiteElo "2130"]
[BlackElo "2221"]
[PlyCount "103"]
[EventDate "2008.05.09"]
[EventType "swiss"]
[EventRounds "7"]
[EventCountry "NED"]
[Source "P.Boonen"]
[SourceDate "2010.01.01"]

1. e4 d6 2. d4 Nf6 3. Nc3 g6 4. f3 c6 5. Be3 Nbd7 6. Qd2 b5 7. d5 cxd5 8. Nxd5
Nxd5 9. Qxd5 Rb8 10. c3 a6 11. h4 Bg7 12. h5 b4 13. Bd4 Bb7 14. Qb3 Nc5 15. Qc2
e5 16. Bxc5 dxc5 17. Bc4 bxc3 18. Qxc3 Qg5 19. g4 Bh6 20. Rd1 O-O 21. Ke2 Bxe4
22. fxe4 Qxg4+ 23. Qf3 Rxb2+ 24. Kf1 Qxf3+ 25. Nxf3 Bf4 26. hxg6 hxg6 27. Rd6
Kg7 28. Rxa6 Rc2 29. Bb3 Rc3 30. Kf2 c4 31. Rc6 Rxf3+ 32. Kxf3 cxb3 33. axb3
Rb8 34. Rb1 Bd2 35. Rc4 Bb4 36. Kg4 Rb6 37. Rf1 Bd2 38. Rf3 Bf4 39. Rd3 Rb8 40.
b4 Rh8 41. b5 Rh5 42. Rb4 Kh6 43. b6 f5+ 44. Kf3 Rh3+ 45. Ke2 Rh2+ 46. Kf1 fxe4
47. b7 Rh1+ 48. Kg2 Rh2+ 49. Kg1 exd3 50. b8=Q d2 51. Qh8+ Kg5 52. Qd8+ 1-0

[Event "ENCI Limburg-open A"]
[Site "Maastricht"]
[Date "2008.05.12"]
[Round "7"]
[White "Polak, Indra"]
[Black "Tate, Emory"]
[Result "0-1"]
[WhiteElo "2184"]
[BlackElo "2378"]
[PlyCount "54"]
[EventDate "2008.05.09"]
[EventType "swiss"]
[EventRounds "7"]
[EventCountry "NED"]
[Source "P.Boonen"]
[SourceDate "2010.01.01"]

1. e4 Nc6 2. d4 d5 3. Nc3 e6 4. Nf3 Bb4 5. Bd3 Nf6 6. e5 Ne4 7. Bd2 Nxd2 8.
Qxd2 Bd7 9. a3 Be7 10. O-O O-O 11. Rae1 Be8 12. Re3 f6 13. exf6 Bxf6 14. Rxe6
Bh5 15. Be2 Bxf3 16. Bxf3 Nxd4 17. Rxf6 Qxf6 18. Bxd5+ Kh8 19. Ne4 Qe5 20. Bxb7
Rad8 21. f4 Qe7 22. Qb4 c5 23. Nxc5 Qe3+ 24. Kh1 Rxf4 25. Qe1 Nxc2 26. Qc1
Rxf1+ 27. Qxf1 Qxc5 0-1

[Event "ENCI Limburg-open A"]
[Site "Maastricht"]
[Date "2008.05.12"]
[Round "7"]
[White "Reinderman, Dimitri"]
[Black "Pham, Toan Thanh"]
[Result "0-1"]
[WhiteElo "2526"]
[BlackElo "2111"]
[PlyCount "118"]
[EventDate "2008.05.09"]
[EventType "swiss"]
[EventRounds "7"]
[EventCountry "NED"]
[Source "P.Boonen"]
[SourceDate "2010.01.01"]

1. e4 e5 2. Nf3 d6 3. d4 exd4 4. Nxd4 g6 5. Nc3 Bg7 6. Be3 Nf6 7. f3 O-O 8. Qd2
Re8 9. O-O-O Nc6 10. Kb1 a6 11. h4 Ne5 12. Bg5 b5 13. h5 Bb7 14. hxg6 fxg6 15.
Nd5 c6 16. Nxf6+ Bxf6 17. Bxf6 Qxf6 18. Be2 Rad8 19. Nb3 c5 20. Na5 Ba8 21. c4
b4 22. Rh3 Nf7 23. Bd3 Rd7 24. Rdh1 Ng5 25. R3h2 Ne6 26. Bc2 Red8 27. Ba4 Re7
28. Rh6 Qd4 29. Qxd4 Nxd4 30. R6h2 h5 31. Rd1 Kg7 32. Bc2 Ne6 33. Rhh1 Kf6 34.
Rd2 Rf7 35. Nb3 Rff8 36. Rhd1 Ke7 37. Re1 g5 38. Rh1 h4 39. Kc1 Nf4 40. Rg1 Ng6
41. Rdd1 Ne5 42. Nd2 Rf6 43. Rh1 Bc6 44. b3 a5 45. Nf1 Bd7 46. Ne3 Be6 47. Kb2
h3 48. gxh3 Rxf3 49. Nf5+ Bxf5 50. exf5 Rh8 51. Rdf1 Rhxh3 52. Rxh3 Rxf1 53.
Rh7+ Kf8 54. Rh6 a4 55. bxa4 Nxc4+ 56. Kb3 Nd2+ 57. Kb2 c4 58. a3 c3+ 59. Ka2
Rc1 0-1

[Event "ENCI Limburg-open A"]
[Site "Maastricht"]
[Date "2008.05.12"]
[Round "7"]
[White "Richter, Gera"]
[Black "Scholzen, Wolfgang"]
[Result "1/2-1/2"]
[WhiteElo "2150"]
[BlackElo "2000"]
[PlyCount "34"]
[EventDate "2008.05.09"]
[EventType "swiss"]
[EventRounds "7"]
[EventCountry "NED"]
[Source "P.Boonen"]
[SourceDate "2010.01.01"]

1. d4 Nf6 2. Nf3 e6 3. g3 d5 4. Bg2 Bd6 5. O-O O-O 6. c4 c6 7. b3 Nbd7 8. Bb2
Ne4 9. Nfd2 f5 10. Nxe4 fxe4 11. f3 exf3 12. exf3 dxc4 13. bxc4 e5 14. c5 Bc7
15. Qb3+ Kh8 16. Nd2 Nxc5 17. dxc5 Qxd2 1/2-1/2

[Event "ENCI Limburg-open A"]
[Site "Maastricht"]
[Date "2008.05.12"]
[Round "7"]
[White "Schleipfenbauer, Frank"]
[Black "Rose, Dominik"]
[Result "1-0"]
[WhiteElo "2002"]
[BlackElo "2163"]
[PlyCount "75"]
[EventDate "2008.05.09"]
[EventType "swiss"]
[EventRounds "7"]
[EventCountry "NED"]
[Source "P.Boonen"]
[SourceDate "2010.01.01"]

1. e4 c5 2. Nf3 e6 3. d4 cxd4 4. Nxd4 a6 5. Bd3 Nc6 6. Nxc6 dxc6 7. O-O Qc7 8.
f4 e5 9. fxe5 Qxe5 10. Nd2 Be6 11. Nf3 Bc5+ 12. Kh1 Qh5 13. Qe1 Nf6 14. a4 Ng4
15. Bf4 O-O 16. b4 Be7 17. Kg1 f6 18. Nd4 Bf7 19. Nf5 Bd8 20. Be2 Bb6+ 21. Kh1
Rfe8 22. Qg3 Qxh2+ 23. Qxh2 Nxh2 24. Kxh2 Rxe4 25. Bd3 Rxb4 26. Rab1 Rxf4 27.
Rxf4 Bc7 28. g3 Bxf4 29. gxf4 b5 30. Ne7+ Kf8 31. Nxc6 Rc8 32. axb5 axb5 33.
Bxb5 Bd5 34. Nd4 Rb8 35. Re1 g5 36. c4 Bf7 37. fxg5 fxg5 38. Ne6+ 1-0

[Event "ENCI Limburg-open A"]
[Site "Maastricht"]
[Date "2008.05.12"]
[Round "7"]
[White "Schubert, Karl"]
[Black "Suhbat, Orgibold"]
[Result "1-0"]
[WhiteElo "1899"]
[BlackElo "2001"]
[PlyCount "31"]
[EventDate "2008.05.09"]
[EventType "swiss"]
[EventRounds "7"]
[EventCountry "NED"]
[Source "P.Boonen"]
[SourceDate "2010.01.01"]

1. e4 e5 2. Nf3 d6 3. h3 Nf6 4. c3 Be7 5. Bd3 O-O 6. O-O Nbd7 7. Re1 Nh5 8. Bc2
Nf4 9. d4 Ng6 10. Nbd2 exd4 11. cxd4 c5 12. Nf1 b6 13. Ne3 Bb7 14. Nf5 cxd4 15.
Qxd4 Rc8 16. Qxg7# 1-0

[Event "ENCI Limburg-open A"]
[Site "Maastricht"]
[Date "2008.05.12"]
[Round "7"]
[White "Singh, Marcel"]
[Black "Schilperoort, Jeroen"]
[Result "1/2-1/2"]
[WhiteElo "1908"]
[BlackElo "1996"]
[PlyCount "42"]
[EventDate "2008.05.09"]
[EventType "swiss"]
[EventRounds "7"]
[EventCountry "NED"]
[Source "P.Boonen"]
[SourceDate "2010.01.01"]

1. e4 Nc6 2. Nc3 e6 3. Nf3 d5 4. d4 Nf6 5. e5 Ne4 6. Bd3 Bb4 7. Bd2 Nxd2 8.
Qxd2 f6 9. Qe3 O-O 10. O-O fxe5 11. Nxe5 Qe7 12. f4 Nxd4 13. Qh3 Nf5 14. Kh1
Bxc3 15. bxc3 Rf6 16. g4 Rh6 17. Qf3 Qh4 18. Rf2 Nd6 19. g5 Rh5 20. Be2 b6 21.
Qxh5 Qxf2 1/2-1/2

[Event "ENCI Limburg-open A"]
[Site "Maastricht"]
[Date "2008.05.12"]
[Round "7"]
[White "Skrijelj, Redzep"]
[Black "Gijsen, Stief"]
[Result "0-1"]
[WhiteElo "2006"]
[BlackElo "2079"]
[PlyCount "64"]
[EventDate "2008.05.09"]
[EventType "swiss"]
[EventRounds "7"]
[EventCountry "NED"]
[Source "P.Boonen"]
[SourceDate "2010.01.01"]

1. d4 Nf6 2. c4 c5 3. d5 b5 4. cxb5 a6 5. bxa6 g6 6. g3 Bg7 7. Bg2 d6 8. Bd2
Nxa6 9. Bc3 Bb7 10. e4 O-O 11. Ne2 e6 12. O-O exd5 13. exd5 Nc7 14. Bxf6 Qxf6
15. Nbc3 Bc8 16. Qd2 Bf5 17. Rfe1 Rfb8 18. b3 Nb5 19. Nxb5 Rxb5 20. Bf1 Rxb3
21. axb3 Rxa1 22. Nc1 h6 23. Bc4 Qc3 24. Qd1 Kh7 25. Kg2 Bg4 26. Qxg4 Qxe1 27.
Ne2 Qh1+ 28. Kh3 Qf1+ 29. Kh4 Bf6+ 30. Qg5 Bxg5+ 31. Kg4 f5+ 32. Kf3 Qh1# 0-1